Complete a Letra - Lancinho - Statistics

Estatísticas Gerais
  • Esse quiz foi jogado 132 vezes
  • A pontuação média é 89 de 121
Estatísticas das Respostas
letra % Correto
E
97%
que
95%
Eu
93%
eu
93%
com
90%
Pra
89%
pra
89%
na
88%
sou
88%
lancinho
86%
Se
86%
um
86%
bandido
83%
adora
82%
culpado
82%
proibido
82%
Você
82%
você
82%
você!
82%
comigo
81%
escondido
81%
madrugada
81%
mas
81%
romance
81%
Sai
81%
Namora,
80%
te
80%
dar
77%
Prefere
76%
sempre
76%
não
75%
quis
74%
uuh
73%
Alguém
72%
alguém
72%
Uh,
72%
uh,
72%
Uh
72%
uh
72%
esse
71%
fazer
71%
feliz
71%
me
71%
Desse
70%
ele
70%
do
69%
está
69%
boa
68%
desejar
68%
Estar
68%
estar
68%
noite
68%
Pagode
68%
pudesse
68%
como
67%
liga
67%
Por
67%
Turma
67%
Uma
67%
saber
66%
tudo
66%
nem
65%
Quero
65%
ver
65%
ou
64%
querendo
63%
isso
61%
dizer
60%
paro
58%
Precisa
58%
Preciso
58%
completar
50%
assim,
44%
gosto
44%
jeito!
43%
Vamos
31%
vem
31%
cantar!
26%
tem!
24%
hein!
19%
Nenhum quiz correspondente encontrado
Distribuição das Pontuações
Porcentagem de Pessoas com Cada Pontuação
Percentil de Números Respondidos
Sua Pontuação Histórica
Você não jogou esse quiz